Kemper County geology. (Record no. 29273)

MARC details
000 -LEADER
fixed length control field 00717cam a22002291 4500
001 - CONTROL NUMBER
control field gs 58000223
003 - CONTROL NUMBER IDENTIFIER
control field DLC
005 - DATE AND TIME OF LATEST TRANSACTION
control field 20260227111407.0
008 - FIXED-LENGTH DATA ELEMENTS--GENERAL INFORMATION
fixed length control field 781129s1958 msuab s001 0 eng
010 ## - LIBRARY OF CONGRESS CONTROL NUMBER
LC control number gs 58000223
035 ## - SYSTEM CONTROL NUMBER
System control number (OCoLC)4403795
040 ## - CATALOGING SOURCE
Original cataloging agency DLC
Transcribing agency MsSM
Modifying agency DLC
042 ## - AUTHENTICATION CODE
Authentication code premarc
050 00 - LIBRARY OF CONGRESS CALL NUMBER
Classification number QE129
Item number .A2 no. 84
100 1# - MAIN ENTRY--PERSONAL NAME
Personal name Hughes, Richard John,
Dates associated with a name 1915-
245 10 - TITLE STATEMENT
Title Kemper County geology.
260 ## - PUBLICATION, DISTRIBUTION, ETC.
Place of publication, distribution, etc. University, Miss.,
Date of publication, distribution, etc. 1958.
300 ## - PHYSICAL DESCRIPTION
Extent 274 p.
Other physical details illus., maps (part fold.) diagrs., tables.
Dimensions 23 cm.
410 20 - SERIES STATEMENT/ADDED ENTRY--CORPORATE NAME [OBSOLETE, CAN/MARC], [LOCAL, USA]
Corporate name or jurisdiction name as entry element Mississippi Geological, Economic, and Topographical Survey
Title of a work Bulletin
Volume number/sequential designation no. 84
504 ## - BIBLIOGRAPHY, ETC. NOTE
Bibliography, etc. note Bibliography: p. 227-263.
650 #0 - SUBJECT ADDED ENTRY--TOPICAL TERM
Topical term or geographic name entry element Geology
Geographic subdivision Mississippi
-- Kemper County.

No items available.

Powered by Koha